• 首页
  • 本馆介绍
  • 公告通知
  • 最新文献
  • 馆藏检索
  • 电子资源
  • 读者导购
  • 参考咨询
  • 我的图书馆
  • 登录
  • 详细信息显示
  • 放入我的书架
  • 预约/预借图书
  • 作者相关作品
  • 分类相关作品
  • 丛书相关作品
  • 出版社相关作品

书目信息

  • 表格格式
  • 工作单格式
  • 卡片格式
题名:
产学研协同创新团队内部知识转移影响机理
    
 
作者: 刘春艳 著
分册:  
出版信息: 北京   知识产权出版社有限责任公司  2017.11
页数: 328页
开本: 24cm
丛书名:
单 册:
中图分类: G640
科图分类:
主题词: 产学研一体化--知识资源--转移--研究
电子资源:
ISBN: 978-7-5130-5280-1
000 00939nam0 2200229 450
001 4580
005 20181012133418.12
010    @a978-7-5130-5280-1@dCNY66.00
100    @a20180217d2017 em y0chiy50 ea
101 0  @achi
102    @aCN@b110000
105    @ay z 000yy
200 1  @a产学研协同创新团队内部知识转移影响机理@9chan xue yan xie tong chuang xin tuan dui nei bu zhi shi zhuan yi ying xiang ji li@f刘春艳著
210    @a北京@c知识产权出版社有限责任公司@d2017.11
215    @a328页@d24cm
300    @a国家社科基金项目、国家统计局全国统计科学研究项目、黑龙江省自然科学基金项目的共同资助
330    @a本书主要研究内容包括:科学界定了产学研协同创新团队的概念、内涵和特征,详细分析了产学研协同创新团队内部知识转移的含义及其独特的特点。
606 0  @a产学研一体化@x知识资源@x转移@x研究
690    @aG640@v5
701  0 @a刘春艳@9liu chun yan@c(经济学、信息学)@4著
801  0 @aCN@b91MARC@c20180217
905    @aMuseLib@dG640@e1063
    
    产学研协同创新团队内部知识转移影响机理/刘春艳著.-北京:知识产权出版社有限责任公司,2017.11
    328页;24cm
    国家社科基金项目、国家统计局全国统计科学研究项目、黑龙江省自然科学基金项目的共同资助
    
    ISBN 978-7-5130-5280-1:CNY66.00
    本书主要研究内容包括:科学界定了产学研协同创新团队的概念、内涵和特征,详细分析了产学研协同创新团队内部知识转移的含义及其独特的特点。
●
相关链接 在E读中查询图书 在五车中查询图书 在当当中查询图书 在豆瓣中查询图书


正题名:产学研协同创新团队内部知识转移影响机理     索取号:G640/1063         预约/预借

序号 登录号 条形码 馆藏地/架位号 状态 备注
1 1125811   211258119   第一样本阅览室/ [索取号:G640/1063] 在馆    
2 1125812   211258128   密集书库-资源管理系/ [索取号:G640/1063] 在馆    
3 1125813   211258137   第四借阅区/ [索取号:G640/1063] 在馆    
4 1125814   211258146   第四借阅区/ [索取号:G640/1063] 在馆    
5 1125815   211258155   第四借阅区/ [索取号:G640/1063] 在馆    
唐山师范学院图书馆 欢迎您!
大连网信软件有限公司© 版权所有